|
|
|
|
| LEADER |
00000cam a2200000 4500 |
| 001 |
vtls012057150 |
| 003 |
SK-MaSNL |
| 005 |
20260301191052.0 |
| 008 |
210604s2021 xo l frn 001 0 slo |
| 015 |
|
|
|a SNBA2022/04
|
| 020 |
|
|
|a 9788081529795
|q (viazané)
|
| 040 |
|
|
|a SNK
|b slo
|c SNK
|e rda
|
| 041 |
0 |
|
|a slo
|
| 043 |
|
|
|a e-xo---
|
| 044 |
|
|
|a xo
|c SK
|
| 072 |
|
7 |
|a 004
|x Počítačová veda. Výpočtová technika. Informačné technológie
|2 konspekt
|
| 080 |
|
|
|a 004.65
|2 2011
|
| 080 |
|
|
|a 004.6
|2 2001
|
| 080 |
|
|
|a 004.6.056.5
|2 2011
|
| 080 |
|
|
|a 658.849:004.738
|2 2011
|
| 080 |
|
|
|a (048.8)
|2 2011
|
| 080 |
|
|
|a 004
|2 2011
|
| 080 |
|
|
|a 34
|2 2011
|
| 080 |
|
|
|a 336.74-021.131
|2 2011
|
| 100 |
1 |
|
|a Hrabčák, Ladislav
|4 aut
|9 567178
|
| 245 |
1 |
0 |
|a Blockchain technológia ako činiteľ (faktor) ovplyvňujúci súčasnú podobu práva
|c Ladislav Hrabčák a kol.
|
| 246 |
3 |
1 |
|a Blockchain Technology as the Factor Influencing the Current Form of Law
|
| 246 |
1 |
|
|i Podnázov v tiráži:
|a Vedecká monografia
|
| 250 |
|
|
|a Vydanie prvé
|
| 264 |
|
1 |
|a Košice
|b ŠafárikPress
|b Univerzita Pavla Jozefa Šafárika v Košiciach
|c 2021
|
| 300 |
|
|
|a 114 strán
|b schémy
|c 20 cm
|
| 336 |
|
|
|a text
|b txt
|2 rdacontent
|
| 337 |
|
|
|a bez média
|b n
|2 rdamedia
|
| 338 |
|
|
|a zväzok
|b nc
|2 rdacarrier
|
| 504 |
|
|
|a Bibliografia na strane 99-105. Vecný register na strane 113-114. Obsahuje bibliografické odkazy
|
| 546 |
|
|
|a Súbežný názov v angličtine
|
| 650 |
0 |
7 |
|a blockchain (technológie)
|x právne aspekty
|2 SNKPH
|9 509839
|
| 650 |
0 |
7 |
|a informačné technológie
|2 SNKPH
|9 1527
|
| 650 |
0 |
7 |
|a Information technology
|2 SNKPHeng
|9 266458
|
| 650 |
0 |
7 |
|a dáta
|2 SNKPH
|9 4215
|
| 650 |
0 |
7 |
|a ochrana dát
|2 SNKPH
|9 1854
|
| 650 |
0 |
7 |
|a elektronický obchod
|2 SNKPH
|9 3918
|
| 650 |
0 |
7 |
|a Data
|2 SNKPHeng
|9 4215
|
| 650 |
0 |
7 |
|a Data protection
|2 SNKPHeng
|9 302642
|
| 650 |
0 |
7 |
|a virtuálna mena
|2 SNKPH
|9 175096
|
| 650 |
0 |
7 |
|a Electronic commerce
|2 SNKPHeng
|9 318437
|
| 650 |
0 |
7 |
|a Blockchain (technology)
|x legal aspects
|2 SNKPHeng
|9 509840
|
| 650 |
0 |
7 |
|a Digital currency
|2 SNKPHeng
|9 208351
|
| 655 |
|
7 |
|a monografie
|2 SNKPH
|9 70139
|
| 655 |
|
7 |
|a Monographs
|2 SNKPHeng
|9 120675
|
| 710 |
2 |
|
|a Univerzita Pavla Jozefa Šafárika v Košiciach.
|b Právnická fakulta
|4 pbl
|9 176184
|
| 919 |
|
|
|a 978-80-8152-979-5
|
| 958 |
|
|
|a NB
|
| 999 |
|
|
|c 869813
|d 871743
|
| 952 |
|
|
|a SNK
|b SNK
|y PREZ
|7 0
|p 17A1471713
|o snkSC 196167
|i snk2022/2023
|8 0
|0 0
|1 0
|4 0
|d 2022-02-07
|f 1
|l 0
|r 2025-10-15 00:00:00
|w 2026-02-24
|